000 00557nam a22002177a 4500
003 UA-OsUOA
001 134702
007 ta
008 20181210b un ||||| |||| 00| 0 ukr d
100 _aПанченко В.
090 _a82
_bП16
942 _cSA
040 _aUA-OsUOA
_bukr
_cUA-OsUOA
_dUA-OsUOA
245 _aВіталій Дончик очима сучасників
300 _aС.10-11
955 _a0
041 _aukr
080 _a82
773 0 _w134701
650 7 _a82 Література. Літературознавство
_2UDC
999 _c410310
_d410310